El autismo infantil /

Exposición sobre el estado de la investigación acerca del autismo en los terrenos de la epidemiología, del psicoanálisis y de las ciencias cognitivas. El autor aborda igualmente los problemas del diagnóstico precoz de las afecciones; su evolución en la adolescencia y la edad adulta; la vivencia pare...

पूर्ण विवरण

में बचाया:
ग्रंथसूची विवरण
मुख्य लेखक: Ferrari, Pierre (autor)
स्वरूप: पुस्तक
भाषा:स्पेनिश
प्रकाशित: Madrid, España : Biblioteca Nueva, 2000, c2000
विषय:
टैग: टैग जोड़ें
कोई टैग नहीं, इस रिकॉर्ड को टैग करने वाले पहले व्यक्ति बनें!

MARC

LEADER 00000nam^a2200000^a^4500
001 000130438
005 20250521000000.0
009 20260526123559.387
020 |a 84-7030-881-5 
037 |a Acervo ITESO - Biblioteca 
041 |a ESP 
082 |a 616. 8982  |b FER 
100 |a Ferrari, Pierre  |e (autor) 
245 1 3 |a El autismo infantil /  |c P. Ferrari ; tr. por Sofía Vidaurrazaga Zimmermann. 
264 4 |a Madrid, España :  |b Biblioteca Nueva,  |c 2000, c2000 
300 |a 125 p. 
336 |a texto  |b txt  |2 rdacontenido 
337 |a sin mediación  |b n  |2 rdamedio 
338 |a volumen  |b nc  |2 rdasoporte 
500 |a Traducción de: L'autisme infantile 
520 |a Exposición sobre el estado de la investigación acerca del autismo en los terrenos de la epidemiología, del psicoanálisis y de las ciencias cognitivas. El autor aborda igualmente los problemas del diagnóstico precoz de las afecciones; su evolución en la adolescencia y la edad adulta; la vivencia parental y familiar y las modalidades de responsabilización de los autistas. 
649 |a XX 
650 |a Niños 
650 |a Autismo -  |x Diagnóstico 
650 |a Psicosis Infantiles 
650 |a Psicología Cognitiva 
650 |a Neurociencias 
650 |a Psicoanálisis 
650 |a Epidemiología 
650 |a Psicopatología 
650 |a Psicología Clínica 
650 |a Psicología Evolutiva 
910 |a Fondo General 
920 |a Impresos - Libros 
930 |a Colección General 
905 |a 101 
901 |a 0500060234  |b IT1  |c ACC  |u 20250521 
902 |a https://opac.biblio.iteso.mx/vufind/Record/000130438